00540nam a2200169Ia 4500008004100000020001500041041000800056082002000064100001800084245006800102250000600170260003800176300001500214650000900229999001900238952011300257210716s1993 xx 000 0 und d a8170291364 aeng a006.620288 MOSJ aMoss, Julian. aUpgrading, maintaining, and servicing ibm pc's and compatibles. a1 aNew DelhibBPB Publicationsc1993 axxviii,410 aNone c182533d182533 001040708MCAaAIMITbAIMITd2021-07-16l0o006.620288 MOSJpMCA02041r2026-05-23 00:00:00w2021-07-16yBK